MARC details
| 000 -LEADER |
| fixed length control field |
02723nam a2200781 i 4500 |
| 001 - CONTROL NUMBER |
| control field |
991053054580005066 |
| 003 - CONTROL NUMBER IDENTIFIER |
| control field |
NyNyJPI |
| 005 - DATE AND TIME OF LATEST TRANSACTION |
| control field |
20260413200117.0 |
| 008 - FIXED-LENGTH DATA ELEMENTS--GENERAL INFORMATION |
| fixed length control field |
221110s2022 pl a |000 0 pol c |
| 009 - PHYSICAL DESCRIPTION FIXED-FIELD FOR ARCHIVAL COLLECTION (VM) [OBSOLETE] |
| fixed length control field |
b1000002701786 |
| 015 ## - NATIONAL BIBLIOGRAPHY NUMBER |
| National bibliography number |
UWD 2022/39594 |
| 020 ## - INTERNATIONAL STANDARD BOOK NUMBER |
| International Standard Book Number |
9788308076736 |
| Qualifying information |
(oprawa miękka) : |
| Terms of availability |
zł 49,90 |
| 020 ## - INTERNATIONAL STANDARD BOOK NUMBER |
| International Standard Book Number |
9788308086612 |
| Qualifying information |
(oprawa miękka) : |
| Terms of availability |
zł 59,90 |
| 035 ## - SYSTEM CONTROL NUMBER |
| System control number |
(PL)b1000002701786 |
| 035 ## - SYSTEM CONTROL NUMBER |
| System control number |
(EXLNZ-48OMNIS_NETWORK)9912855583105606 |
| 040 ## - CATALOGING SOURCE |
| Original cataloging agency |
LUBL M |
| Transcribing agency |
LUBL M |
| Modifying agency |
LUBL M |
| -- |
TOM_1 |
| -- |
WA N |
| -- |
ELBLAG M |
| -- |
LUBL KUL |
| -- |
KR U |
| -- |
WA 392 |
| -- |
KIEL W |
| -- |
MBPWR |
| -- |
MBPG |
| 045 2# - TIME PERIOD OF CONTENT |
| Formatted 9999 B.C. through C.E. time period |
d0966 |
| -- |
d1989 |
| 046 ## - SPECIAL CODED DATES |
| Beginning or single date created |
2022 |
| 080 ## - UNIVERSAL DECIMAL CLASSIFICATION NUMBER |
| Field link and sequence number |
1.1\x |
| Universal Decimal Classification number |
94(438) |
| 080 ## - UNIVERSAL DECIMAL CLASSIFICATION NUMBER |
| Field link and sequence number |
1.2\x |
| Universal Decimal Classification number |
39(438) |
| 080 ## - UNIVERSAL DECIMAL CLASSIFICATION NUMBER |
| Field link and sequence number |
1.3\x |
| Universal Decimal Classification number |
323.3-058.14(438) |
| 084 ## - OTHER CLASSIFICATION NUMBER |
| Classification number |
10 |
| 245 00 - TITLE STATEMENT |
| Title |
Cham i pan : |
| Remainder of title |
a nam, prostym, zewsząd nędza? / |
| Statement of responsibility, etc. |
Andrzej Chwalba, Wojciech Harpula. |
| 250 ## - EDITION STATEMENT |
| Edition statement |
Wydanie pierwsze. |
| 260 ## - PUBLICATION, DISTRIBUTION, ETC. |
| Place of publication, distribution, etc. |
Kraków : |
| Name of publisher, distributor, etc. |
Wydawnictwo Literackie, |
| Date of publication, distribution, etc. |
copyright 2022. |
| -- |
2025 |
| 300 ## - PHYSICAL DESCRIPTION |
| Extent |
424, [7] stron : |
| Other physical details |
ilustracje ; |
| Dimensions |
21 cm. |
| 336 ## - CONTENT TYPE |
| Content type term |
Tekst |
| Content type code |
txt |
| Source |
rdacontent |
| 337 ## - MEDIA TYPE |
| Media type term |
Bez urządzenia pośredniczącego |
| Media type code |
n |
| Source |
rdamedia |
| 338 ## - CARRIER TYPE |
| Carrier type term |
Wolumin |
| Carrier type code |
nc |
| Source |
rdacarrier |
| 380 ## - FORM OF WORK |
| Form of work |
Książki |
| 380 ## - FORM OF WORK |
| Form of work |
Literatura faktu, eseje, publicystyka |
| 388 1# - TIME PERIOD OF CREATION |
| Time period of creation term |
2001- |
| 500 ## - GENERAL NOTE |
| General note |
W obrębie wydania dodruk w roku 2024, 2025. W obrębie wydania nakłady z różnym numerami ISBN. W obrębie wydania nakłady z różnymi cenami. |
| 504 ## - BIBLIOGRAPHY, ETC. NOTE |
| Bibliography, etc. note |
Bibliografia na stronach 419-[425]. |
| 530 ## - ADDITIONAL PHYSICAL FORM AVAILABLE NOTE |
| Additional physical form available note |
Książka dostępna także jako e-book. |
| 648 #7 - SUBJECT ADDED ENTRY--CHRONOLOGICAL TERM |
| Chronological term |
901-1000 |
| Source of heading or term |
DBN |
| 648 #7 - SUBJECT ADDED ENTRY--CHRONOLOGICAL TERM |
| Chronological term |
1001-1100 |
| Source of heading or term |
DBN |
| 648 #7 - SUBJECT ADDED ENTRY--CHRONOLOGICAL TERM |
| Chronological term |
1101-1200 |
| Source of heading or term |
DBN |
| 648 #7 - SUBJECT ADDED ENTRY--CHRONOLOGICAL TERM |
| Chronological term |
1201-1300 |
| Source of heading or term |
DBN |
| 648 #7 - SUBJECT ADDED ENTRY--CHRONOLOGICAL TERM |
| Chronological term |
1301-1400 |
| Source of heading or term |
DBN |
| 648 #7 - SUBJECT ADDED ENTRY--CHRONOLOGICAL TERM |
| Chronological term |
1401-1500 |
| Source of heading or term |
DBN |
| 648 #7 - SUBJECT ADDED ENTRY--CHRONOLOGICAL TERM |
| Chronological term |
1501-1600 |
| Source of heading or term |
DBN |
| 648 #7 - SUBJECT ADDED ENTRY--CHRONOLOGICAL TERM |
| Chronological term |
1601-1700 |
| Source of heading or term |
DBN |
| 648 #7 - SUBJECT ADDED ENTRY--CHRONOLOGICAL TERM |
| Chronological term |
1701-1800 |
| Source of heading or term |
DBN |
| 648 #7 - SUBJECT ADDED ENTRY--CHRONOLOGICAL TERM |
| Chronological term |
1801-1900 |
| Source of heading or term |
DBN |
| 648 #7 - SUBJECT ADDED ENTRY--CHRONOLOGICAL TERM |
| Chronological term |
1901-2000 |
| Source of heading or term |
DBN |
| 650 #7 - SUBJECT ADDED ENTRY--TOPICAL TERM |
| Topical term or geographic name entry element |
Chłopi |
| Source of heading or term |
DBN |
| 650 #7 - SUBJECT ADDED ENTRY--TOPICAL TERM |
| Topical term or geographic name entry element |
Poddaństwo |
| Source of heading or term |
DBN |
| 650 #7 - SUBJECT ADDED ENTRY--TOPICAL TERM |
| Topical term or geographic name entry element |
Struktura społeczna |
| Source of heading or term |
DBN |
| 650 #7 - SUBJECT ADDED ENTRY--TOPICAL TERM |
| Topical term or geographic name entry element |
Szlachta |
| Source of heading or term |
DBN |
| 650 #7 - SUBJECT ADDED ENTRY--TOPICAL TERM |
| Topical term or geographic name entry element |
Wyzysk |
| Source of heading or term |
DBN |
| 650 #7 - SUBJECT ADDED ENTRY--TOPICAL TERM |
| Topical term or geographic name entry element |
Życie codzienne |
| Source of heading or term |
DBN |
| 650 #0 - SUBJECT ADDED ENTRY--TOPICAL TERM |
| Topical term or geographic name entry element |
Peasants |
| Geographic subdivision |
Poland |
| General subdivision |
Social conditions. |
| 650 #0 - SUBJECT ADDED ENTRY--TOPICAL TERM |
| Topical term or geographic name entry element |
Peasants |
| Geographic subdivision |
Poland |
| General subdivision |
History |
| Chronological subdivision |
19th century. |
| 650 #0 - SUBJECT ADDED ENTRY--TOPICAL TERM |
| Topical term or geographic name entry element |
Peasants |
| Geographic subdivision |
Poland |
| General subdivision |
Social life and customs. |
| 650 #0 - SUBJECT ADDED ENTRY--TOPICAL TERM |
| Topical term or geographic name entry element |
Peasants |
| Geographic subdivision |
Poland |
| General subdivision |
History |
| 650 #0 - SUBJECT ADDED ENTRY--TOPICAL TERM |
| Topical term or geographic name entry element |
Peasants |
| Geographic subdivision |
Poland |
| General subdivision |
History |
| Chronological subdivision |
20th century. |
| 650 #0 - SUBJECT ADDED ENTRY--TOPICAL TERM |
| Topical term or geographic name entry element |
Serfdom |
| Geographic subdivision |
Poland |
| General subdivision |
History. |
| 651 #7 - SUBJECT ADDED ENTRY--GEOGRAPHIC NAME |
| Geographic name |
Polska |
| Source of heading or term |
DBN |
| 651 #0 - SUBJECT ADDED ENTRY--GEOGRAPHIC NAME |
| Geographic name |
Poland |
| General subdivision |
Rural conditions |
| 655 #7 - INDEX TERM--GENRE/FORM |
| Genre/form data or focus term |
Publicystyka |
| Source of term |
DBN |
| 658 ## - INDEX TERM--CURRICULUM OBJECTIVE |
| Main curriculum objective |
Historia |
| 658 ## - INDEX TERM--CURRICULUM OBJECTIVE |
| Main curriculum objective |
Socjologia i społeczeństwo |
| 700 1# - ADDED ENTRY--PERSONAL NAME |
| Personal name |
Chwalba, Andrzej |
| Dates associated with a name |
(1949- ) |
| Relator term |
Autor |
| 700 1# - ADDED ENTRY--PERSONAL NAME |
| Personal name |
Harpula, Wojciech |
| Dates associated with a name |
(1978- ) |
| Relator term |
Autor |
| 710 2# - ADDED ENTRY--CORPORATE NAME |
| Corporate name or jurisdiction name as entry element |
Wydawnictwo Literackie |
| Relator term |
Wydawca |
| Relationship |
pbl |
| 942 ## - ADDED ENTRY ELEMENTS (KOHA) |
| Source of classification or shelving scheme |
Other/Generic Classification Scheme |
| Koha item type |
Books |
| Suppress in OPAC |
No |